Fr. Conceicao Rodrigues College of Engineering

A first course in computer programming using Pascal (Record no. 33700)

MARC details
000 -LEADER
fixed length control field 00349nam a2200145Ia 4500
082 ## - DEWEY DECIMAL CLASSIFICATION NUMBER
Classification number 001.6424P
Item number KEL
100 ## - MAIN ENTRY--PERSONAL NAME
Personal name KELLER/ ARTHUR M.
245 ## - TITLE STATEMENT
Title A first course in computer programming using Pascal
260 ## - PUBLICATION, DISTRIBUTION, ETC.
Name of publisher, distributor, etc. McGraw Hill
Place of publication, distribution, etc. New York
Date of publication, distribution, etc. 1988
300 ## - PHYSICAL DESCRIPTION
Extent 306
546 ## - LANGUAGE NOTE
Language note ENGLISH
654 ## - SUBJECT ADDED ENTRY--FACETED TOPICAL TERMS
Focus term Programming Pascal
942 ## - ADDED ENTRY ELEMENTS (KOHA)
Koha item type BOOK
Holdings
Withdrawn status Lost status Damaged status Not for loan Collection Home library Current library Date acquired Source of acquisition Cost, normal purchase price Inventory number Total Checkouts Full call number Barcode Date last seen Cost, replacement price Price effective from Koha item type
        CRC Fr. Agnel's C.Rodrigues College of Engineering Fr. Agnel's C.Rodrigues College of Engineering 17/03/2023 Book World 127.20 039 dt 02.06.1990   001.6424P KEL 2847 17/03/2023 127.20 02/06/1990 BOOK